| 000 | 00857nac a22002771i 4500 | ||
|---|---|---|---|
| 003 | EG-ScBUE | ||
| 005 | 20230521120648.0 | ||
| 008 | 230521t1996 nyua f 001 0 eng d | ||
| 020 | _a1577170008 | ||
| 020 | _a9781577170006 | ||
| 040 |
_aEG-ScBUE _beng _erda _cEG-ScBUE _dEG-ScBUE |
||
| 082 | 0 | 4 |
_a745.1075 _bPEA _222 |
| 100 | 1 |
_aPearsall, Ronald, _eauthor. |
|
| 245 | 1 | 0 |
_aIllustrated guide to collecting antiques / _cRonald Pearsall. |
| 264 | 1 |
_aNew York : _bTodtri Productions Limited, _c[1996] |
|
| 264 | 4 | _cc1996 | |
| 300 |
_a128 pages : _billustrations (some color) ; _c31 cm |
||
| 336 |
_2rdacontent _atext _btxt |
||
| 337 |
_2rdamedia _aunmediated _bn |
||
| 338 |
_2rdacarrier _avolume _bnc |
||
| 500 | _aIncludes index. | ||
| 650 | 7 |
_aAntiques. _2BUEsh |
|
| 653 | _bART | ||
| 655 | _vReading book | ||
| 942 |
_cBB _k745.1075 PEA _2ddc |
||
| 999 |
_c10011 _d10011 |
||